000 004400000a22001570004500
020 _a0-8297-1253-4
041 0 _aSPA
082 0 4 _aG 813.5 E369t
100 1 _aEkvall, Robert B. (1898- )
245 1 0 _aTiendas en las cumbres (Novelas del Tibet) / Robert B. Ekvall; Adriana Powell, Traductor
260 _aMiami, FL., USA : Vida
300 _a252 Pag
500 _aTítulo original : Tents against the sky
001 10863
942 _cBK
999 _c40288
_d40288